Welcome to WEB OPAC of MRSPTU Central Library

Design & Fabrication of Prestressed Concrete Railway Sleepers (Record no. 10762)

MARC details
000 -LEADER
fixed length control field 00527nam a22001697a 4500
003 - CONTROL NUMBER IDENTIFIER
control field OSt
005 - DATE AND TIME OF LATEST TRANSACTION
control field 20260127154623.0
008 - FIXED-LENGTH DATA ELEMENTS--GENERAL INFORMATION
fixed length control field 260127b |||||||| |||| 00| 0 eng d
040 ## - CATALOGING SOURCE
Transcribing agency MRSPTU
041 ## - LANGUAGE CODE
Language code of text/sound track or separate title English
100 ## - MAIN ENTRY--PERSONAL NAME
Personal name Sunita Kotwal, Supervisor: Dr. Sanjiv Aggarawal
245 ## - TITLE STATEMENT
Title Design & Fabrication of Prestressed Concrete Railway Sleepers
260 ## - PUBLICATION, DISTRIBUTION, ETC.
Name of publisher, distributor, etc. Department of Civil Engg. MRSPTU, Bathinda
Date of publication, distribution, etc. 2010
650 ## - SUBJECT ADDED ENTRY--TOPICAL TERM
Topical term or geographic name entry element English
856 ## - ELECTRONIC LOCATION AND ACCESS
Uniform Resource Identifier <a href="http://163.47.215.52:8080/jspui/handle/123456789/972">http://163.47.215.52:8080/jspui/handle/123456789/972</a>
942 ## - ADDED ENTRY ELEMENTS (KOHA)
Source of classification or shelving scheme Dewey Decimal Classification
Koha item type Theses & Dissertations
Suppress in OPAC No
Holdings
Withdrawn status Lost status Source of classification or shelving scheme Damaged status Not for loan Home library Current library Date acquired Total checkouts Full call number Barcode Date last seen Price effective from Koha item type
    Dewey Decimal Classification     MRSPTU Central Library MRSPTU Central Library 01/27/2026   625.143 KO-D TH48 01/27/2026 01/27/2026 Theses & Dissertations

Website Designed and Developed by MRSPTU Central Library Team

E-mail Id: librarian@mrsptu.ac.in